| 000 | 00618 a2200169 4500 | ||
|---|---|---|---|
| 999 |
_c122 _d122 |
||
| 020 | _a9781855390997 | ||
| 050 | _aBF318 CLA 2001 | ||
| 100 |
_aClaxion, Guy. _eauthor |
||
| 245 |
_aWise up : _blearning to live the learning life / _cGuy Claxton |
||
| 264 |
_aStafford : _bNetwork Educational Press, _c1999 |
||
| 300 | _ax, 374 pages ; 23 cm | ||
| 440 | _aLearning to live the learning life | ||
| 500 | _aOriginally published by the Bloomsbury Press as Wise up: the challenge of lifelong learning, 1999. includes index | ||
| 650 | _a Continuing education. | ||
| 650 | _aLifelong learning | ||
| 942 |
_2lcc _cBK _h318 _iCLA _kBF |
||